Statistiken für Tunesien-Quiz

Klicken Sie hier um das Quiz zu spielen!

Allgemein

  • Dieses Quiz wurde 172 mal gespielt
  • Das Durchschnittsergebnis liegt bei 15 aus 21

Antwortstatistiken

Frage Antwort % Korrekt
Hauptstadt von TunesienTunis
100%
NachbarlandAlgerien
98%
NachbarlandLibyen
98%
Meer, an dem Tunesien grenztMittelmeer
98%
Sandwüste, die den Südteil Tunesiens bedecktSahara
98%
AmtsspracheArabisch
97%
Land mit einer ähnlichen Flagge:
Türkei
94%
Multinationale Protestwelle, die im Dezember 2010 in Tunesien anfingArabischer {Frühling}
92%
Kolonialmacht TunesiensFrankreich
92%
General dieser Stadt, der die Alpen mit Elefanten durchquerteHannibal
89%
Ehemalige Großstadt, die von Rom bei den punischen Kriegen geschlagen wurdeKarthago
82%
Gebirgskette, die sich bis Tunesien erstrecktAtlas
73%
Antike Seefahrer-Zivilisation, die diese Stadt gründetePhönizien
57%
Volksgruppe, zu der 99% der tunisischen Bevölkerung gehörtBerber
55%
Die Große Moschee von Kairouan hat das älteste _______ der Welt (Anfangsbuchstabe M)Minarett
54%
Währung TunesiensDinar
53%
Größte Insel und beliebter FerienortDjerba
41%
Zweitgrößte Stadt (Endbuchstabe X)Sfax
35%
Legendäre erste Königin dieser StadtDido
33%
Blume, die das Symbol des obigen Konflikts istJasmin
17%
Erster Präsident Tunesiens, 1957-1987Habib {Bourguiba}
16%

Verteilung der Resultate

Perzentil nach korrekt beantworteten Fragen

Anzahl Personen mit jedem Resultat

Ihre Resultats-Entwicklung

Sie haben dieses Quiz noch nicht gespielt